Mountain West Football Champions of the Century - Statistics

General Stats
  • This quiz has been taken 24 times
  • The average score is 17 of 25
Answer Stats
Year Champion % Correct
2024 Boise State
100%
2023 Boise State
100%
2019 Boise State
100%
2017 Boise State
89%
2014 Boise State
89%
2012 Boise State/Fresno State/San Diego State
89%
2022 Fresno State
89%
2020 San Jose State
84%
2018 Fresno State
79%
2016 San Diego State
74%
2021 Utah State
74%
2013 Fresno State
63%
2015 San Diego State
63%
2007 BYU
58%
2008 Utah
58%
2004 Utah
58%
2003 Utah
58%
2006 BYU
53%
2001 BYU
53%
2002 Colorado State
47%
2009 TCU
47%
2005 TCU
47%
2000 Colorado State
42%
2011 TCU
42%
2010 TCU
42%
No matching quizzes found
Score Distribution
Percent of People with Each Score
Percentile by Number Answered
Your Score History
You have not taken this quiz